[Event "Frankfurt Ch 2007"]
[Site "Ffm-Kalbach, LAZ"]
[Date "2007.05.14"]
[Round "3.59"]
[White "Budde, Michael"]
[Black "Meiser, Nicolas"]
[Result "0-1"]
[WhiteElo "1598"]
[BlackElo "1214"]
[PlyCount "106"]
[EventDate "2007.??.??"]

1. e4 c6 2. d4 d5 3. exd5 cxd5 4. Nc3 Bf5 5. Nf3 Nf6 6. Bb5+ Nc6 7. Ne5 Qb6 8.
O-O a6 9. Bxc6+ bxc6 10. Na4 Qc7 11. Bf4 Qa5 12. c3 Rc8 13. Nc5 e6 14. b4 Qb6
15. Qa4 Bxc5 16. bxc5 Qb7 17. c4 O-O 18. f3 Rfd8 19. g4 Bg6 20. Nxg6 hxg6 21.
Rab1 Qa8 22. Rb6 dxc4 23. Rxa6 Qb7 24. Rb6 Qd7 25. Bd6 Ne8 26. Qxc4 Nxd6 27.
cxd6 Qxd6 28. Rc1 Qxd4+ 29. Qxd4 Rxd4 30. Rbxc6 Rxc6 31. Rxc6 Rd1+ 32. Kg2 Rd2+
33. Kg3 Rxa2 34. g5 Re2 35. Rc4 f6 36. Re4 Rxe4 37. fxe4 Kf7 38. e5 f5 39. Kf4
Ke7 40. Ke3 Kd7 41. Kd4 Kc7 42. Kc5 Kd7 43. Kd4 Kc6 44. h3 Kb5 45. Kd3 Kc5 46.
Ke3 Kd5 47. Kf4 Kd4 48. h4 Kc4 49. Ke3 Kd5 50. Kf4 Kd4 51. Kf3 Kxe5 52. Ke3 f4+
53. Kf3 Kf5 0-1

[Event "Frankfurt Ch 2007"]
[Site "Ffm-Kalbach, LAZ"]
[Date "2007.05.14"]
[Round "3.62"]
[White "Lewien, Frank"]
[Black "Schirmer, Karl-Heinz"]
[Result "1/2-1/2"]
[WhiteElo "1435"]
[BlackElo "1759"]
[PlyCount "105"]
[EventDate "2007.??.??"]

1. d4 e6 2. Nf3 Nf6 3. e3 d5 4. Bd3 c5 5. c3 Nc6 6. Nbd2 Be7 7. O-O O-O 8. Qe2
cxd4 9. exd4 Qc7 10. Ne5 Nxe5 11. dxe5 Nd7 12. Nf3 Nc5 13. Bc2 f5 14. exf6 Bxf6
15. Bg5 Qe7 16. Bxf6 Qxf6 17. Rae1 b6 18. Ne5 Ba6 19. Bd3 Nxd3 20. Nxd3 e5 21.
f3 Qf5 22. Rd1 e4 23. fxe4 Qxe4 24. Rxf8+ Rxf8 25. Qxe4 dxe4 26. Nb4 Bb5 27.
Nc2 Bd3 28. Nb4 Bb5 29. Nc2 Rf6 30. b3 Kf7 31. c4 Bc6 32. Rf1 Ke6 33. Ne3 Rxf1+
34. Kxf1 Ke5 35. Nc2 Bd7 36. Kf2 Kf4 37. Ne3 Ke5 38. Nc2 a5 39. Ke3 Be6 40. Nd4
Bd7 41. a3 Be8 42. b4 axb4 43. axb4 Ba4 44. c5 bxc5 45. bxc5 Bd7 46. c6 Bc8 47.
c7 Bb7 48. Nb5 Ke6 49. Na7 Kd7 50. c8=Q+ Bxc8 51. Nxc8 Kxc8 52. Kxe4 Kd7 53.
Kd5 1/2-1/2

[Event "Frankfurt Ch 2007"]
[Site "Ffm-Kalbach, LAZ"]
[Date "2007.05.14"]
[Round "3.63"]
[White "Bittner, Peter"]
[Black "Adair, Monte"]
[Result "1-0"]
[WhiteElo "1986"]
[BlackElo "1412"]
[PlyCount "46"]
[EventDate "2007.??.??"]

1. e4 e5 2. d4 exd4 3. c3 dxc3 4. Bc4 d6 5. Nf3 Nc6 6. O-O Be7 7. Nxc3 Nf6 8.
Re1 Bg4 9. h3 Bh5 10. Bf4 Bg6 11. e5 dxe5 12. Nxe5 O-O 13. Nb5 Bb4 14. Nxg6
Qxd1 15. Rexd1 hxg6 16. Nxc7 Rac8 17. Nd5 Ba5 18. Bd6 Rfe8 19. Bb5 Nxd5 20.
Rxd5 Bb6 21. Bg3 a6 22. Ba4 Re6 23. Rd7 Re7 1-0

[Event "Frankfurt Ch 2007"]
[Site "Ffm-Kalbach, LAZ"]
[Date "2007.05.14"]
[Round "3.64"]
[White "Smith-Meyer, Geir"]
[Black "Scheerer, Michael"]
[Result "1/2-1/2"]
[WhiteElo "1640"]
[BlackElo "1398"]
[PlyCount "136"]
[EventDate "2007.??.??"]

1. d4 Nf6 2. Bf4 g6 3. c3 Bg7 4. Nf3 d6 5. Nbd2 O-O 6. Qb3 b6 7. e3 Bb7 8. Bc4
Nc6 9. Qd1 e6 10. O-O Re8 11. Bg5 Qd7 12. e4 Na5 13. Bd3 c5 14. Re1 Rac8 15.
Qe2 cxd4 16. Nxd4 Nc6 17. Nxc6 Bxc6 18. Qf3 Qe7 19. Ba6 Rc7 20. Rad1 h6 21. Bf4
Nh5 22. Be3 d5 23. Bd3 dxe4 24. Bxe4 Bxe4 25. Nxe4 Nf6 26. Rd3 Nxe4 27. Qxe4
Rd7 28. Red1 Red8 29. Kf1 Rxd3 30. Rxd3 Rxd3 31. Qxd3 g5 32. h3 Be5 33. Ke2 Qd6
34. Qa6 Qd7 35. a4 f5 36. f3 f4 37. Bf2 Qc7 38. a5 Bd6 39. axb6 axb6 40. Bxb6
Qc6 41. Qa5 Qc4+ 42. Kf2 Qb3 43. Qa8+ Bf8 44. Bd4 Qxb2+ 45. Kg1 Qb1+ 46. Kh2
Qe1 47. Qc8 Qg3+ 48. Kh1 Qe1+ 49. Bg1 Qe5 50. c4 Kf7 51. c5 Qd5 52. c6 Bc5 53.
Bxc5 Qxc5 54. Qd7+ Qe7 55. Qc8 Qd6 56. Qb7+ Kf6 57. c7 Qd1+ 58. Kh2 Qe1 59. Qb6
Qg3+ 60. Kh1 Qe1+ 61. Qg1 Qc3 62. Qb6 Qe1+ 63. Kh2 Qg3+ 64. Kh1 Qe1+ 65. Qg1
Qc3 66. Qa7 Qe1+ 67. Qg1 Qc3 68. Qa7 Qe1+ 1/2-1/2

[Event "Frankfurt Ch 2007"]
[Site "Ffm-Kalbach, LAZ"]
[Date "2007.05.14"]
[Round "3.65"]
[White "Wich, Manuela"]
[Black "Riha, Peter"]
[Result "1/2-1/2"]
[WhiteElo "1378"]
[BlackElo "1823"]
[PlyCount "109"]
[EventDate "2007.??.??"]

1. d4 Nf6 2. c4 g6 3. Nc3 d5 4. cxd5 Nxd5 5. e4 Nxc3 6. bxc3 Bg7 7. Bc4 c5 8.
Ne2 cxd4 9. cxd4 Nc6 10. e5 O-O 11. O-O b6 12. Be3 Bb7 13. Qd2 e6 14. Rfd1 Rc8
15. Nf4 Qe7 16. Nh3 Rfd8 17. Bg5 f6 18. exf6 Bxf6 19. Qe3 Rd6 20. Re1 Nxd4 21.
Bxf6 Qxf6 22. Bb3 Kg7 23. Ng5 Re8 24. Ne4 Bxe4 25. Qxe4 Rf8 26. Rf1 b5 27. Rac1
Rf7 28. Rce1 a5 29. Qe5 Qxe5 30. Rxe5 Nxb3 31. axb3 Rf5 32. f4 Rxe5 33. fxe5
Rd3 34. Ra1 Rd5 35. Rxa5 Rxe5 36. Ra7+ Kh6 37. Kf2 Rc5 38. Rb7 Kg5 39. Rxh7 Rc3
40. Re7 Kf6 41. Rb7 Rxb3 42. h4 Kf5 43. Rb6 e5 44. g4+ Kxg4 45. Rxg6+ Kxh4 46.
Re6 Rc3 47. Rxe5 Rb3 48. Ke2 Kg4 49. Kd2 Kf4 50. Kc2 Rb4 51. Rc5 Ke4 52. Kc3
Rb1 53. Rh5 b4+ 54. Kc2 Rf1 55. Rh4+ 1/2-1/2

[Event "Frankfurt Ch 2007"]
[Site "Ffm-Kalbach, LAZ"]
[Date "2007.05.14"]
[Round "3.66"]
[White "Kletzerman, Simon"]
[Black "Grohmüller, Robert"]
[Result "1-0"]
[WhiteElo "1534"]
[BlackElo "1346"]
[PlyCount "63"]
[EventDate "2007.??.??"]

1. e4 e5 2. Nf3 Nc6 3. Bc4 Be7 4. d4 exd4 5. Nxd4 Nxd4 6. Qxd4 Bf6 7. Qd5 Qe7
8. O-O d6 9. Bb5+ Kd8 10. Bc4 c6 11. Qxf7 Qxe4 12. Bd3 Qe7 13. Qh5 h6 14. Nd2
Be6 15. Bg6 Qd7 16. h3 Ne7 17. Bd3 Rf8 18. c3 Nd5 19. Ne4 Be5 20. Bc2 Nf6 21.
Qh4 Kc7 22. f4 Nxe4 23. fxe5 Rxf1+ 24. Kxf1 Rf8+ 25. Kg1 d5 26. Be3 Kb8 27. Rd1
Bf5 28. Bxe4 Bxe4 29. Qxe4 Rf1+ 30. Kxf1 Qf7+ 31. Qf3 Qxf3+ 32. gxf3 1-0

[Event "Frankfurt Ch 2007"]
[Site "Ffm-Kalbach, LAZ"]
[Date "2007.05.14"]
[Round "3.67"]
[White "Stulken, Dietmar"]
[Black "Schellen, Sven"]
[Result "1-0"]
[WhiteElo "1339"]
[BlackElo "1534"]
[PlyCount "97"]
[EventDate "2007.??.??"]

1. e4 Nf6 2. e5 Nd5 3. d4 d6 4. c4 Nb6 5. f4 g6 6. Be3 Bg7 7. Nc3 O-O 8. Nf3 c6
9. Bd3 Be6 10. b3 Qc8 11. O-O f6 12. Rc1 fxe5 13. fxe5 Bg4 14. exd6 exd6 15.
Be2 Qe6 16. Qd2 N8d7 17. Ng5 Qe7 18. Bxg4 Nf6 19. Bf3 c5 20. d5 Rad8 21. Ne6
Rf7 22. Bh6 Bh8 23. Ng5 Rff8 24. Bxf8 Rxf8 25. Ne6 Rf7 26. Rce1 Qd7 27. Ne4
Nxe4 28. Bxe4 Bf6 29. Kh1 Na8 30. Qd3 Nc7 31. Nxc7 Qxc7 32. Bf3 Qd8 33. Qe4 Be5
34. Bd1 Re7 35. Qf3 Qe8 36. Qh3 Qd8 37. Qh4 Qe8 38. Bg4 g5 39. Qxg5+ Rg7 40.
Be6+ Kh8 41. Qh6 Qe7 42. Rf3 Bf6 43. Ref1 Rg6 44. Qe3 Qd8 45. Bf7 Bd4 46. Qe8+
Qxe8 47. Bxe8 Rg5 48. Rg3 Re5 49. Rf8# 1-0

[Event "Frankfurt Ch 2007"]
[Site "Ffm-Kalbach, LAZ"]
[Date "2007.05.14"]
[Round "3.68"]
[White "Breitbach, Stephan"]
[Black "El-Lawindy, Asem"]
[Result "0-1"]
[WhiteElo "1334"]
[BlackElo "1526"]
[PlyCount "30"]
[EventDate "2007.??.??"]

1. e4 e5 2. Nf3 Nf6 3. Nc3 Nc6 4. Bc4 Bb4 5. d3 Bxc3+ 6. bxc3 d6 7. h3 O-O 8.
Bg5 Na5 9. Bb3 Nxb3 10. cxb3 h6 11. Bxf6 Qxf6 12. O-O Be6 13. Qc2 Bxh3 14. Kh2
Bg4 15. Kg3 Qf4+ 0-1

[Event "Frankfurt Ch 2007"]
[Site "Ffm-Kalbach, LAZ"]
[Date "2007.05.14"]
[Round "3.69"]
[White "Vogelgesang, Marc"]
[Black "Nitschner, Hendrik"]
[Result "1-0"]
[WhiteElo "1520"]
[BlackElo "1177"]
[PlyCount "109"]
[EventDate "2007.??.??"]

1. e4 d5 2. exd5 Nf6 3. d4 Nxd5 4. c4 Nb6 5. Nf3 Nc6 6. Be3 Bg4 7. d5 Ne5 8.
Nbd2 c6 9. dxc6 Nxc6 10. Be2 e5 11. O-O Be7 12. Qc2 Qc7 13. a3 O-O 14. Bd3 g6
15. h3 Be6 16. Ng5 Bd7 17. Ngf3 Be6 18. Rfe1 Rac8 19. b3 f5 20. Bh6 Rfe8 21.
Nh2 Bf6 22. Rad1 Nd4 23. Qc1 Rcd8 24. Bb1 e4 25. Nhf1 Bf7 26. Ne3 Qe5 27. Nc2
Bh4 28. Nxd4 Qxd4 29. Be3 Qf6 30. Nf1 Qc6 31. Bd4 Bf6 32. Qb2 Bxd4 33. Rxd4 Rd7
34. Red1 Red8 35. Ne3 a5 36. Ba2 Qc7 37. Rxd7 Rxd7 38. Rxd7 Qxd7 39. Qc3 a4 40.
b4 Nc8 41. Bb1 Na7 42. Bc2 Be8 43. Nd5 Qe6 44. Qf6 Bf7 45. Qxe6 Bxe6 46. Bxa4
b5 47. Bb3 bxc4 48. Bxc4 Kf7 49. a4 Nc6 50. b5 Nb4 51. Nb6 Bxc4 52. Nxc4 Nd5
53. b6 Ne7 54. Ne5+ Ke8 55. b7 1-0

[Event "Frankfurt Ch 2007"]
[Site "Ffm-Kalbach, LAZ"]
[Date "2007.05.14"]
[Round "3.70"]
[White "Krüger, Manfred"]
[Black "Popp, Matthias"]
[Result "0-1"]
[WhiteElo "1180"]
[BlackElo "1507"]
[PlyCount "72"]
[EventDate "2007.??.??"]

1. e4 c5 2. Nf3 Nc6 3. d4 cxd4 4. Nxd4 e5 5. Nf3 Be7 6. a3 d6 7. Bd2 Qb6 8. Bc3
Nf6 9. Nbd2 Ng4 10. Qe2 O-O 11. Nc4 Qc7 12. O-O-O Be6 13. h3 Bxc4 14. Qxc4 Nxf2
15. Be2 Nxh1 16. Rxh1 Rac8 17. Qd3 a6 18. h4 b5 19. Nd2 Qb6 20. Nb3 b4 21. axb4
Nxb4 22. Qd2 Na2+ 23. Kd1 Nxc3+ 24. bxc3 a5 25. Bd3 a4 26. Nc1 a3 27. Nb3 a2
28. Ke2 Ra8 29. h5 h6 30. Kf3 Bg5 31. Qe2 Rfc8 32. Bc4 Rxc4 33. Qd3 Rac8 34.
Kg4 Rxc3 35. Qd5 Qe3 36. Qd1 Qf4# 0-1

[Event "Frankfurt Ch 2007"]
[Site "Ffm-Kalbach, LAZ"]
[Date "2007.05.14"]
[Round "3.71"]
[White "Liebert, Monika"]
[Black "Sallwey, Rainer"]
[Result "0-1"]
[WhiteElo "1053"]
[BlackElo "1498"]
[PlyCount "82"]
[EventDate "2007.??.??"]

1. e4 d5 2. e5 c5 3. Nf3 e6 4. d4 cxd4 5. Qxd4 Bd7 6. Nc3 Nc6 7. Qd1 a6 8. a3
Qc7 9. Bf4 Be7 10. Bd3 Rc8 11. O-O Na5 12. Ne2 Nc4 13. b4 Nb2 14. Qc1 Nxd3 15.
cxd3 Qd8 16. Qd2 f6 17. d4 f5 18. Ng3 h6 19. Rfc1 g5 20. Rxc8 Bxc8 21. Nh5 Rh7
22. h3 gxf4 23. Qxf4 Bg5 24. Qg3 Kd7 25. Rd1 Qe8 26. Nf4 Bxf4 27. Qxf4 Qg6 28.
Nh4 Qg5 29. g3 Rg7 30. Qxg5 hxg5 31. Ng2 Ne7 32. Rd3 Kc6 33. a4 Kb6 34. Ne1 Bd7
35. Ra3 Rg8 36. Nd3 Nc6 37. Nc5 Bc8 38. b5 axb5 39. axb5 Nxd4 40. Na4+ Kxb5 41.
Nc3+ Kb4 0-1